<?xml version="1.0" encoding="UTF-8"?>
<record
    xmlns:xsi="http://www.w3.org/2001/XMLSchema-instance"
    xsi:schemaLocation="http://www.loc.gov/MARC21/slim http://www.loc.gov/standards/marcxml/schema/MARC21slim.xsd"
    xmlns="http://www.loc.gov/MARC21/slim">

  <leader>00798nam a22001937a 4500</leader>
  <datafield tag="999" ind1=" " ind2=" ">
    <subfield code="c">194591</subfield>
    <subfield code="d">194591</subfield>
  </datafield>
  <controlfield tag="005">20230112105524.0</controlfield>
  <datafield tag="010" ind1=" " ind2=" ">
    <subfield code="a">B-746425-430                   E.N.A/7.11.22</subfield>
  </datafield>
  <datafield tag="020" ind1=" " ind2=" ">
    <subfield code="a">9788195104468</subfield>
    <subfield code="c">700.00</subfield>
  </datafield>
  <datafield tag="035" ind1=" " ind2=" ">
    <subfield code="a">B-746425-430</subfield>
  </datafield>
  <datafield tag="037" ind1=" " ind2=" ">
    <subfield code="b">Pansy Books</subfield>
  </datafield>
  <datafield tag="082" ind1=" " ind2=" ">
    <subfield code="a">796.07</subfield>
  </datafield>
  <datafield tag="100" ind1=" " ind2=" ">
    <subfield code="a">Kamlesh, M L</subfield>
  </datafield>
  <datafield tag="245" ind1=" " ind2=" ">
    <subfield code="a">CBSE /UGC NET Examination in Physical Education:</subfield>
    <subfield code="b">solved Objective-type question papers -2006-2020/</subfield>
    <subfield code="c">M L Kamlesh</subfield>
  </datafield>
  <datafield tag="260" ind1=" " ind2=" ">
    <subfield code="a">New Delhi </subfield>
    <subfield code="b">Sports Publication</subfield>
    <subfield code="c">2021</subfield>
  </datafield>
  <datafield tag="270" ind1=" " ind2=" ">
    <subfield code="a">7/26, Ground Floor, Ansari Road</subfield>
    <subfield code="b">New Delhi</subfield>
    <subfield code="e">110002</subfield>
  </datafield>
  <datafield tag="300" ind1=" " ind2=" ">
    <subfield code="a">xxi,621p.</subfield>
    <subfield code="c">23cm(pbk)</subfield>
  </datafield>
  <datafield tag="942" ind1=" " ind2=" ">
    <subfield code="2">ddc</subfield>
    <subfield code="c">EN</subfield>
    <subfield code="m">KAM</subfield>
    <subfield code="h">796.07</subfield>
  </datafield>
  <datafield tag="952" ind1=" " ind2=" ">
    <subfield code="0">0</subfield>
    <subfield code="1">0</subfield>
    <subfield code="4">0</subfield>
    <subfield code="7">0</subfield>
    <subfield code="8">NFIC</subfield>
    <subfield code="a">L</subfield>
    <subfield code="b">L</subfield>
    <subfield code="d">2023-01-12</subfield>
    <subfield code="e">Pansy Books/138/28.11.22/187/23.11.22/30.11.2270</subfield>
    <subfield code="g">700.00</subfield>
    <subfield code="l">1</subfield>
    <subfield code="o">796.07 KAM</subfield>
    <subfield code="p">B-746425</subfield>
    <subfield code="r">2024-12-02 00:00:00</subfield>
    <subfield code="s">2024-11-19</subfield>
    <subfield code="t">1</subfield>
    <subfield code="v">700.00</subfield>
    <subfield code="w">2023-01-12</subfield>
    <subfield code="y">EN</subfield>
  </datafield>
  <datafield tag="952" ind1=" " ind2=" ">
    <subfield code="0">0</subfield>
    <subfield code="1">0</subfield>
    <subfield code="4">0</subfield>
    <subfield code="7">0</subfield>
    <subfield code="8">NFIC</subfield>
    <subfield code="a">AV</subfield>
    <subfield code="b">AV</subfield>
    <subfield code="d">2023-01-12</subfield>
    <subfield code="e">Pansy Books/138/28.11.22/187/23.11.22/30.11.2270</subfield>
    <subfield code="g">700.00</subfield>
    <subfield code="l">0</subfield>
    <subfield code="o">796.07 KAM</subfield>
    <subfield code="p">B-746426</subfield>
    <subfield code="r">2023-01-12 00:00:00</subfield>
    <subfield code="t">1</subfield>
    <subfield code="v">700.00</subfield>
    <subfield code="y">EN</subfield>
  </datafield>
  <datafield tag="952" ind1=" " ind2=" ">
    <subfield code="0">0</subfield>
    <subfield code="1">0</subfield>
    <subfield code="4">0</subfield>
    <subfield code="7">0</subfield>
    <subfield code="8">NFIC</subfield>
    <subfield code="a">BL1</subfield>
    <subfield code="b">BL1</subfield>
    <subfield code="d">2023-01-12</subfield>
    <subfield code="e">Pansy Books/138/28.11.22/187/23.11.22/30.11.2270</subfield>
    <subfield code="g">700.00</subfield>
    <subfield code="l">2</subfield>
    <subfield code="m">1</subfield>
    <subfield code="o">796.07 KAM</subfield>
    <subfield code="p">B-746427</subfield>
    <subfield code="r">2024-01-09 00:00:00</subfield>
    <subfield code="s">2023-12-29</subfield>
    <subfield code="t">1</subfield>
    <subfield code="v">700.00</subfield>
    <subfield code="y">EN</subfield>
  </datafield>
  <datafield tag="952" ind1=" " ind2=" ">
    <subfield code="0">0</subfield>
    <subfield code="1">0</subfield>
    <subfield code="4">0</subfield>
    <subfield code="7">0</subfield>
    <subfield code="8">NFIC</subfield>
    <subfield code="a">ZLS</subfield>
    <subfield code="b">ZLS</subfield>
    <subfield code="d">2023-01-12</subfield>
    <subfield code="e">Pansy Books/138/28.11.22/187/23.11.22/30.11.2270</subfield>
    <subfield code="g">700.00</subfield>
    <subfield code="l">0</subfield>
    <subfield code="o">796.07 KAM</subfield>
    <subfield code="p">B-746428</subfield>
    <subfield code="r">2023-01-12 00:00:00</subfield>
    <subfield code="t">1</subfield>
    <subfield code="v">700.00</subfield>
    <subfield code="y">EN</subfield>
  </datafield>
  <datafield tag="952" ind1=" " ind2=" ">
    <subfield code="0">0</subfield>
    <subfield code="1">0</subfield>
    <subfield code="4">0</subfield>
    <subfield code="7">0</subfield>
    <subfield code="8">NFIC</subfield>
    <subfield code="a">BN</subfield>
    <subfield code="b">BN</subfield>
    <subfield code="d">2023-01-12</subfield>
    <subfield code="e">Pansy Books/138/28.11.22/187/23.11.22/30.11.2270</subfield>
    <subfield code="g">700.00</subfield>
    <subfield code="l">12</subfield>
    <subfield code="m">9</subfield>
    <subfield code="o">796.07 KAM</subfield>
    <subfield code="p">B-746429</subfield>
    <subfield code="r">2024-05-04 00:00:00</subfield>
    <subfield code="s">2024-04-19</subfield>
    <subfield code="t">1</subfield>
    <subfield code="v">700.00</subfield>
    <subfield code="y">EN</subfield>
  </datafield>
  <datafield tag="952" ind1=" " ind2=" ">
    <subfield code="0">0</subfield>
    <subfield code="1">0</subfield>
    <subfield code="4">0</subfield>
    <subfield code="7">0</subfield>
    <subfield code="8">NFIC</subfield>
    <subfield code="a">BL4</subfield>
    <subfield code="b">BL4</subfield>
    <subfield code="d">2023-01-12</subfield>
    <subfield code="e">Pansy Books/138/28.11.22/187/23.11.22/30.11.2270</subfield>
    <subfield code="g">700.00</subfield>
    <subfield code="l">1</subfield>
    <subfield code="o">796.07 KAM</subfield>
    <subfield code="p">B-746430</subfield>
    <subfield code="r">2025-02-22 00:00:00</subfield>
    <subfield code="s">2025-02-13</subfield>
    <subfield code="t">1</subfield>
    <subfield code="v">700.00</subfield>
    <subfield code="y">EN</subfield>
  </datafield>
</record>
